A concise history of western architecture

Saved in:
Bibliografiske detaljer
Hovedforfatter: Jordan, Robert Furneaux (Author)
Format: Bog
Sprog:engelsk
Udgivet: Londres Thames and Hudson 1969
Fag:
Tags: Tilføj Tag
Ingen Tags, Vær først til at tagge denne postø!

MARC

LEADER 00000nam a2200000 a 4500
001 UCW2315
003 CL-VaPUC
008 890116e19690000UK |||||||||||||||||eng|d
082 0 4 |a 720.9  |b JOR  |2 21 
100 |a Jordan, Robert Furneaux  |e author  |9 371833 
245 1 2 |a A concise history of western architecture 
300 |a 359 p 
942 |c BK 
945 |d 19890116 00:00:00 
260 |a Londres  |b Thames and Hudson  |c 1969 
650 0 |a Arquitectura  |9 804558 
650 0 |a Historia  |9 255047 
650 7 |a DISEÑOS Y PLANOS  |2 CL-VaPUC  |9 262672 
583 |a last modification  |c 19890116 00:00:00  |k Rodrigo Vera 
999 |c 216874  |d 216872 
952 |0 0  |1 0  |4 0  |6 720_900000000000000_JOR_1969  |7 0  |8 A  |9 203246  |a BIBEDU  |b BIBEDU  |d 2019-11-15  |i 2704994  |o 720.9 JOR 1969  |p 2704994  |r 2022-01-17  |w 2019-11-15  |y BK  |k MUS